Statistiques concernant Surnoms des équipes de Rugby participant à la Coupe du Monde

Cliquez ici pour prendre le quiz!

Statistiques générales

  • Ce quiz a été pris 873 fois
  • Le résultat moyen est 17 sur 20

Statistiques - réponses

Réponse% Correct
Angleterre
99%
Irlande
98%
Nouvelle-Zélande
98%
Ecosse
97%
Fidji
97%
France
97%
Afrique du Sud
96%
Australie
96%
Pays de Galles
96%
Argentine
95%
Samoa
95%
Italie
92%
Japon
90%
Uruguay
64%
Etats-Unis
62%
Canada
61%
Tonga
61%
Russie
56%
Géorgie
51%
Namibie
51%

Distribution des résultats

Percentile par nombre de réponses

% des personnes avec chaque résultat

Votre développement - résultats

Vous n’avez pas pris ce quiz